| 000 | 00983nam a2200265 a 4500 | ||
|---|---|---|---|
| 003 | DO-SdBNP | ||
| 005 | 20260321073645.0 | ||
| 007 | ta | ||
| 008 | 090715s2002 dr ac d 000 0bspa d | ||
| 020 | _a9993476439 | ||
| 040 |
_aDO-SdBNP _bspa _cBNPHU |
||
| 082 | 4 |
_a923.27293 _bB742G, 2002 _222 |
|
| 100 | 1 |
_aGutiérrez Félix, Euclides, _d1936- _95673 |
|
| 245 | 1 | 0 |
_aJuan Bosch : _bperfil biográfico / _cEuclides Gutiérrez Féliz |
| 260 |
_aSanto Domingo : _bTobogán., _c2002. |
||
| 300 |
_a97 p. : _bil., retrs. ; _c21 cm. |
||
| 490 | 1 | _aBiografías Dominicanas Tobogán | |
| 505 | 0 |
_aEscritor político -- _tEl camino -- _tEl triunfador -- _tEl patriota -- _tEl maestro -- _tLa proceridad. |
|
| 590 | _aInventariado, 2022/ YL | ||
| 600 | 1 | 0 |
_a Bosch, Juan, _d1909-2001 _976555 |
| 650 | 4 |
_aPresidentes _zRepública Dominicana _vBiografías _91288 |
|
| 651 | 4 |
_aRepública Dominicana _vBiografías _91083 |
|
| 910 | _aYLockward/Validado. Control de calidad MFF | ||
| 942 |
_2ddc _cLBS1 |
||
| 999 |
_c52920 _d52920 |
||